Varkari sampradaya : An exploration in the revolutionary potential of tradition (Record no. 22692)

MARC details
000 -LEADER
fixed length control field 00315nam a2200121Ia 4500
082 ## - DEWEY DECIMAL CLASSIFICATION NUMBER
Classification number RL.0004
100 ## - MAIN ENTRY--AUTHOR NAME
Personal name Lele, Jayant
245 #0 - TITLE STATEMENT
Title Varkari sampradaya : An exploration in the revolutionary potential of tradition
260 ## - PUBLICATION, DISTRIBUTION, ETC. (IMPRINT)
Year of publication 0
300 ## - PHYSICAL DESCRIPTION
Number of Pages 17p.
942 ## - ADDED ENTRY ELEMENTS (KOHA)
Koha item type Books
Holdings
Withdrawn status Lost status Damaged status Not for loan Home library Current library Date acquired Full call number Accession Number Price effective from Koha item type
        NASSDOC Library NASSDOC Library 08/10/2004 RL.0004 13381 18/04/2019 Books